|
|
|
|
| LEADER |
00000nab a2200000 a 4500 |
| 001 |
vtls010059714 |
| 003 |
SK-MaSNL |
| 005 |
20260304163055.0 |
| 008 |
250507c2009 xo |r|p|||||||000 b|slo |
| 015 |
|
|
|a SNBRB2010/02
|2 snkbucl
|
| 035 |
|
|
|a (uuid)8cd69ff0-d4b8-4dd9-8e74-91ba08f6d591
|
| 035 |
|
|
|a urn:nbn:sk:snk-ab2i19
|
| 035 |
|
|
|a (urnnbn)urn:nbn:sk:snk:ar-a02g68
|
| 038 |
|
|
|a SNKBUCL
|
| 040 |
|
|
|a SNKBUCL
|b slo
|c SNKBUCL
|e AACR2
|
| 041 |
0 |
|
|a slo
|
| 044 |
|
|
|a xo
|c SK
|
| 080 |
|
|
|a 811.163.42`373.7
|x (048)
|2 2001
|
| 080 |
|
|
|a 81`373.7:811.163.42
|x (048)
|2 2001
|
| 100 |
1 |
|
|a Dobríková, Mária,
|d 1957-
|4 aut
|9 104522
|
| 245 |
1 |
0 |
|a Menac, A.: Hrvatska frazeologija
|c Mária Dobríková
|
| 650 |
0 |
7 |
|a chorvátčina
|2 snkbucl
|9 1342
|
| 650 |
0 |
7 |
|a frazeológia
|2 snkbucl
|9 1507
|
| 650 |
0 |
7 |
|a monografie
|2 snkbucl
|9 256509
|
| 655 |
|
7 |
|a recenzie
|2 snkbucl
|9 21907
|
| 773 |
0 |
|
|t Slavica slovaca
|g Roč. 44, č. 2 (2009), s. 182-184
|x 0037-6787
|
| 787 |
0 |
8 |
|i Rec.:
|a Menac, Antica
|t Hrvatska frazeologija
|d Zagreeb : Knjiga, 2007
|
| 850 |
|
|
|a Slovenská národná knižnica
|
| 852 |
|
|
|a Slovenská národná knižnica
|
| 954 |
|
|
|a odborná, vedecká literatúra pôvodná (slovenská)
|2 lita
|
| 958 |
|
|
|a article27
|
| 958 |
|
|
|a SS
|
| 958 |
|
|
|a HR
|
| 958 |
|
|
|a RC
|
| 958 |
|
|
|a OND
|
| 958 |
|
|
|a EUIPO
|
| 999 |
|
|
|c 2976509
|d 2978439
|